| 000 | 01124nam a2200337Ia 4500 | ||
|---|---|---|---|
| 001 | Z_6353 | ||
| 003 | CHAP | ||
| 008 | 220113s2010 xx 000 0 und d | ||
| 010 | _a169609 | ||
| 020 | _a978-607-15-0305-3 | ||
| 040 | _cCHAP | ||
| 082 | _a612 G35 2010 | ||
| 245 |
_aGanong, fisiología médica / _ceditor Kim E. Barrett... [et. al.] ; traducción Martha Elena Araiza Martínez...[et. al.] |
||
| 250 | _a23a ed. | ||
| 260 |
_aChina : _bMcGraw-Hill Interamericana, _c2010 |
||
| 300 | _ax, 714 p. | ||
| 440 |
_aA Lange medical book _9144542 |
||
| 500 | _aTraducción de: Ganong´s review of medical physiology, 23th ed. \ Primera edición en español por McGraw-Hill | ||
| 503 | _aej.1: Reposición del ej.1 adq. 4706, 18a ed. de 2002, Inventario: (C/E) | ||
| 504 | _aIncluye bibliografía e índice | ||
| 650 |
_aFisiología humana _9137527 |
||
| 650 |
_aFisiología _xManuales _9142930 |
||
| 700 | _a Araiza Martínez, Martha Elena, tr. | ||
| 700 |
_aBarrett, Kim E., ed. _9144543 |
||
| 901 | _a612 G35 2010 | ||
| 902 | _aM | ||
| 910 | _a2010 | ||
| 942 | _c1 | ||
| 942 | _cc1 | ||
| 999 |
_c169609 _d169609 |
||